000 00689nam a22002177a 4500
999 _c3318
_d3318
001 3318
003 BD-JhCC
005 20171112190521.0
008 171112s1392 bg |||| |||| 000 0 ben d
035 _a(BD-JhCC)3318
040 _aBD-JhCC
_dBD-JhCC
041 _aben
082 _a891.443
_bRAY 1392
100 _aরায়, সত্যজিৎ
245 _aফেলুদা ওয়ান ফেলুদা টু /
_cসত্যজিৎ রায়
260 _aঢাকা:
_bনওরোজ কিতাবিস্তান,
_c১৩৯২.
300 _a১২৮ পৃ. :
_c২২ সেমি.
650 _aDetactive Novel
942 _2ddc
_cBK